00290 2200133 4500001002100000005001500021035002000036245003800056300000700094260002300101082000800124084001200132990001200144INLIS00000000000211620250527110959 a0010-0525000408 aTeknologi Internet /cAnne Rooney a48 bPakar Karya,c2007 a600 a600 TEK a0713229